| 000 | 00472nam a2200169Ia 4500 | ||
|---|---|---|---|
| 999 |
_c92 _d92 |
||
| 003 | OSt | ||
| 005 | 20210827152208.0 | ||
| 008 | 190216s9999||||xx |||||||||||||| ||und|| | ||
| 040 | _coclc | ||
| 082 |
_a892.7 _bHUS/M |
||
| 100 |
_aHussain, Thaha _98685 |
||
| 245 | 0 |
_aMagha Abi Al Ala Fi Siynihi / _cThaha Hussain |
|
| 260 |
_bAl Mathbahathul Kaslookiya, _aBayroot: |
||
| 300 | _a236p | ||
| 650 | _aArabic | ||
| 942 |
_cBK _2ddc _h892.7 _iHUS/M _k892.7 _mHUS/M |
||